Inside Microsoft PowerPoint

Detalles Bibliográficos
Formato: Electrónico Revista
Lenguaje:inglés
Publicado: Rochester, N.Y. : Element K Journals
Materias:
Acceso en línea:Full text available from Research Library: 01/01/1998 to 07/31/2006

MARC

LEADER 00000nas a22000007a 4500
001 ssj0023126
003 WaSeSS
005 20200512172242.0
006 m d
007 cr n
008 020320c20009999ncumr pss 0 a0eng c
010 |a  2002211104 
022 |a 1539-0489  |l 1076-8106  |y 1076-8106 
035 |a (WaSeSS)ssj0023126 
037 |b Element K Journals, 2165 Brighton Henrietta Town Line Rd., Rochester, NY 14623  |c $232.00 
040 |a NSD  |b eng  |c NSD  |d OCLCQ  |d NSD  |d OCLCQ  |d U3W  |d OCLCF  |d WaSeSS 
042 |a nsdp  |a pcc 
082 1 0 |a 005  |2 13 
130 0 |a Inside Microsoft PowerPoint (Online) 
210 0 |a Inside Microsoft PowerPoint  |b (Online. Element K Journals) 
222 0 |a Inside Microsoft PowerPoint  |b (Online. Element K Journals) 
245 1 0 |a Inside Microsoft PowerPoint  |h [electronic resource]. 
246 3 0 |a PowerPoint 
246 3 0 |a Inside PowerPoint 
260 |a Rochester, N.Y. :  |b Element K Journals 
310 |a Monthly 
362 1 |a Began Jan. 2000. 
500 |a Published: Durham, NC : Eli Journals, Inc., <2008-> 
506 |a License restrictions may limit access. 
515 |a Designation taken from date viewed. 
538 |a Mode of access: World Wide Web. 
588 |a Description based on sample issue in PDF format: Mar. 20, 2002; title from caption. 
588 |a Latest issue consulted: Vol. 15, nos. 11/12, title from PDF caption (Eli Journals Inc., viewed on Apr. 14, 2009). 
655 0 |a Electronic journals. 
776 0 8 |i Print version:  |t Inside Microsoft PowerPoint  |x 1076-8106  |w (DLC)sn 94000427  |w (OCoLC)30614634 
856 4 0 |z Full text available from Research Library: 01/01/1998 to 07/31/2006  |u https://search.proquest.com/publication/34012